| 000 | 01481nam a22002657a 4500 | ||
|---|---|---|---|
| 999 |
_c57645 _d57645 |
||
| 003 | Ge_BSU | ||
| 005 | 20200825123910.0 | ||
| 008 | 200825s2012 ge ||||| |||| 00| 0 geo d | ||
| 020 | _a9789941042393 | ||
| 041 | _ageo | ||
| 080 | _a340.11(072) ბ-50 | ||
| 100 |
_aბეჟაშვილი, ლევან. _99309 |
||
| 245 |
_aსაკანონმდებლო ტექნიკა : _b სამართალშემოქმედების მეთოდ. სახელმძღვ. / _c ლევან ბეჟაშვილი ; [სარედ. ჯგ.: ნატო ზაალიშვილი [და სხვ.]]. |
||
| 264 |
_aთბ., _bშპს "სეზანი". _c2012. |
||
| 300 |
_a334გვ. ; _b24სმ. |
||
| 504 | _aბიბლიოგრ. ტექსტ. შენიშვნ. | ||
| 653 | _aსაკანონმდებლო ტექნიკა | ||
| 653 | _aსამართალი | ||
| 653 | _aსამართალშემოქმედება - მეთოდური სახელმძღვანელოები | ||
| 700 |
_aალასანია, გიორგი _eრედაქტორი _99310 |
||
| 700 |
_aჩხაიძე, თამარ _eრედაქტორი _977 |
||
| 700 |
_aმელუა, ირენა _eრედაქტორი _99311 |
||
| 700 |
_aბერიძე, თამარ _eრედაქტორი _99312 |
||
| 942 |
_2udc _cBK |
||